| 000 | 00890nam a2200289 a 4500 | ||
|---|---|---|---|
| 001 | 000017429 | ||
| 003 | DO-SdBNP | ||
| 005 | 20240301073825.0 | ||
| 008 | 100324s1998 dr 000 p spa d | ||
| 040 |
_aDO-SdBNP _bspa _cBNPHU |
||
| 049 | _aBNPD | ||
| 082 | 4 |
_a883.2 _bH766o _222 |
|
| 100 | 1 |
_aHomero _938113 |
|
| 245 | 1 | 3 |
_aLa odisea / _cHomero ; edición y prólogo Diógenes Céspedes. |
| 260 |
_aSanto Domingo : _bEditora de Colores, _c1998. |
||
| 300 |
_a110 p. ; _c21 cm. |
||
| 336 |
_2rdacontent _atxt _bn |
||
| 337 |
_2rdamedia _asin mediación _bn |
||
| 338 |
_2rdacarrier _avolumen _bnc |
||
| 490 | 1 | _aClásicos de colores | |
| 590 | _aInventariado,MFF/2023 | ||
| 650 | 4 |
_aPoesía epíca griega _927065 |
|
| 650 | 4 |
_aLiteratura griega _92386 |
|
| 700 | 1 |
_aCéspedes, Diógenes, _d1941- _epról., _eed. _920548 |
|
| 830 | 0 |
_aClásicos de colores _938114 |
|
| 942 |
_2ddc _cLBS1 |
||
| 999 |
_c16954 _d16954 |
||